ბათუმის შოთა რუსთაველის სახელმწიფო უნივერსიტეტის ბიბლიოთეკა

ბორჯომი ბალნეოლოგიური კურორტი / (ბიბ.ჩანაწერი № 61981)

000 -ლიდერი
ფიქსირებული სიგრძის საკონტროლო ველი 01020nam a22002057a 4500
003 - საკონტროლო ნომრის იდენტიფიკატორი
საკონტროლო ველი Ge_BSU
005 - ბოლო ოპერაციის თარიღი და დრო
საკონტროლო ველი 20240618165047.0
008 - ფიქსირებული სიგრძის მონაცემთა ელემენტები - ზოგადი ინფორმაცია
ფიქსირებული სიგრძის საკონტროლო ველი 240618s1975 ge ||||| |||| 00| 0 geo d
041 ## - ენის კოდი
Language code of text/sound track or separate title geo
080 ## - უნივერსალური ათობითი კლასიფიკაციის ინდექსი
Universal Decimal Classification number 615.838(479.22) ფ-30
100 ## - მთავარი ჩანაწერი - პიროვნების სახელი
Personal name ფარჯანაძე, შ.
9 (RLIN) 11562
245 ## - ცნობა სათაურის შესახებ
Title ბორჯომი ბალნეოლოგიური კურორტი /
Statement of responsibility, etc შ. ფარჯანაძე, ვ. მახათაძე.; რედ. შ. ჭალაგანიძე.
264 ## - წარმოების, გამოცემის, დისტრიბუციის და სხვა ცნობები
გამოცემის, წარმოების, დისტრიბუციის... ადგილი თბილისი :
გამოცემის, წარმოების, დისტრიბუციის... სახელწოდება საბჭოთა საქართველო,
გამოცემის, წარმოების, დისტრიბუციის... თარიღი 1975.
300 ## - ფიზიკური აღწერა
Extent 72 გვ.:
Other physical details ილ.;
Dimensions 18 სმ.
653 ## - INDEX TERM--UNCONTROLLED
Uncontrolled term საქართველოს ბალნეოლოგიური კურორტები
653 ## - INDEX TERM--UNCONTROLLED
Uncontrolled term კურორტი ბორჯომი
700 ## - ADDED ENTRY--PERSONAL NAME
Personal name მახათაძე, ვ.
Relator term ავტორი
9 (RLIN) 22480
700 ## - ADDED ENTRY--PERSONAL NAME
Personal name ჭალაგანიძე, შ.
Relator term რედაქტორი
9 (RLIN) 22481
942 ## - ADDED ENTRY ELEMENTS (KOHA)
Source of classification or shelving scheme
Koha item type წიგნი
ეგზემპლარები
ჩამოწერის სტატუსი დაკარგული ეგზემპლარის სტატუსი კლასიფიკაციის წყარო ან თაროზე გაწყობის სქემა დაზიანების სტატუსი არ გაიცემა მუდმივი მდებარეობა (დაცვის ადგილი) ამჟამინდელი ადგილსამყოფელი თაროზე განთავსების ადგილი შეძენის თარიღი ღირებულება, შესყიდვის ნორმალური ფასი სრული შენახვის შიფრი შტრიხკოდი ბოლო ოპერაციის თარიღი ეგზემპლარის მიმდევრობითი ნომერი (კეტერი?) ფასის ძალაში შესვლის თარიღი ეგზემპლარის სახეობა საჯარო შენიშვნა
          ბათუმის შოთა რუსთაველის სახელმწიფო უნივერსიტეტის მთავარი ბიბლიოთეკა ბათუმის შოთა რუსთაველის სახელმწიფო უნივერსიტეტის მთავარი ბიბლიოთეკა წიგნსაცავი 2024-06-18 0.96 615.838(479.22) ფ-30 68252 2024-06-18 68252 2024-06-18 წიგნი 0.96 ლ.
          ბათუმის შოთა რუსთაველის სახელმწიფო უნივერსიტეტის მთავარი ბიბლიოთეკა ბათუმის შოთა რუსთაველის სახელმწიფო უნივერსიტეტის მთავარი ბიბლიოთეკა წიგნსაცავი 2024-06-18 0.96 615.838(479.22) ფ-30 68253 2024-06-18 68253 2024-06-18 წიგნი 0.96 ლ.